| 000 | 00372nam a2200133Ia 4500 | ||
|---|---|---|---|
| 008 | 231017s9999 xx 000 0 und d | ||
| 082 | _a388.3122 | ||
| 082 | _bTRA | ||
| 245 | 0 | _aAustroads Research Report: Traffic Signal Controller: Future Directions: Funtional Requirements: AP-R340/09 | |
| 245 | 0 | _cAustroads | |
| 260 | _bAustroads | ||
| 300 | _c30cm | ||
| 942 | _cREP | ||
| 999 |
_c604445 _d604445 |
||